Marketingkommunikáció

Bibliográfiai részletek
Szerző: Török Norman
További közreműködők: Sólyomfi Dr. Andrea Hanna
Dokumentumtípus: Projektmunka
Kulcsszavak:kérdőív
marketingkommunikáció
online reklám
reklám
reklámeszközök
Online Access:http://dolgozattar.uni-bge.hu/60131

MARC

LEADER 00000nnm a2200000 i 4500
001 dolg60131
005 20260409150029.0
008 260409suuuu hu o 000 hun d
040 |a BGE Dolgozattár Repozitórium  |b hun 
041 |a hu 
100 1 |a Török Norman 
245 1 0 |a Marketingkommunikáció  |c Török Norman  |h [elektronikus dokumentum] 
516 |a Project_work 
520 3 |a A szakdolgozatom során azt vizsgáltam, hogyan viszonyulnak az emberek a reklámokhoz, különösen az online hirdetésekhez. A kérdőívem alapján azt láttam, hogy a reklámok mára teljesen beépültek a mindennapjainkba, és sokféleképpen hatnak ránk.Az eredmények azt mutatták, hogy bár sok reklámmal találkozunk nap mint nap, nem mindenkiben keltenek ugyanazt az érzést, és a reakciók is elég változatosak.A dolgozat megírása közben én is sokat tanultam arról, hogyan működnek a reklámok, és arról is, mennyire nehéz a mai világban elérni az emberek figyelmét. Az online térben még gyorsabbak az események, így a reklámoknak rövid idő alatt kell megragadniuk az embereket.Az is világossá vált számomra, hogy sok dolog, például a kor, a nem vagy az iskolai végzettség is hatással lehet arra, hogyan állunk egy reklámhoz.Összességében a kutatás során sikerült jobban megértenem, milyen nagy szerepe van a reklámoknak az életünkben. Remélem, hogy a dolgozatom segít másoknak is kicsit átlátni ezt a területet, és rávilágít arra, milyen kihívásokkal kell megküzdeniük azoknak, akik reklámokkal szeretnének hatni a közönségre. 
695 |a kérdőív 
695 |a marketingkommunikáció 
695 |a online reklám 
695 |a reklám 
695 |a reklámeszközök 
700 1 |a Sólyomfi Dr. Andrea Hanna  |e ths 
856 4 0 |u http://dolgozattar.uni-bge.hu/60131/1/To%CC%88ro%CC%88k%20Norman%20Marketingkommunika%CC%81cio%CC%81%20PROJEKTMUNKA.pdf  |z Dokumentum-elérés 
856 4 0 |u http://dolgozattar.uni-bge.hu/60131/2/T%C3%B6r%C3%B6k%20Norman%20Marketingkommunik%C3%A1ci%C3%B3.pdf  |z Dokumentum-elérés